| 000 | 00695nam a22002057a 4500 | ||
|---|---|---|---|
| 999 |
_c58736 _d58736 |
||
| 005 | 20220711163657.0 | ||
| 008 | 220711s2017eng xxu||||| |||| 00| 0 eng d | ||
| 020 | _a9780998526751 | ||
| 041 | _aeng | ||
| 080 | _a61 TH-44 | ||
| 100 |
_aThenabadu, Sam Dr _914362 |
||
| 245 |
_aOSCEsmart : medical student OSCEs : _bthe complete series / _cSam Thenabadu. |
||
| 264 |
_aUSA: _bSimon Cowen Publishing, _c2017. |
||
| 300 |
_a415 pages.: _b 28 cm. |
||
| 440 |
_aOSCESmart. _914363 |
||
| 653 | _aOSCEsmart : medical student OSCEs : the complete series | ||
| 653 | _aმედიცინა | ||
| 653 | _aდიაგნოსტიკა გამოკვლევები | ||
| 942 |
_2udc _cBK |
||